Longest Rivers per Continent - Statistics

General Stats
  • This quiz has been taken 40 times
    30 since last reset
  • The average score is 12 of 21
Answer Stats
Continent Length (Km) River % Correct
Africa 6650 Nile
96%
S. America 6437 Amazon
89%
Europe 2860 Danube
89%
N. America 3766 Mississippi
89%
Africa 4700 Congo
86%
Europe 3531 Volga
86%
Asia 6300 Yangtze
86%
Asia 5464 Yellow River
79%
N. America 3768 Missouri
75%
Australia 2375 Murray
68%
Africa 4180 Niger
57%
Australia 1472 Darling
46%
S. America 4880 Paraná
43%
Asia 5539 Yenisei
43%
N. America 3190 Yukon
43%
Europe 2429 Ural
36%
S. America 3807 Tocantins
21%
Australia 1485 Murrumbidgee
11%
Antartica 32 Onyx
7%
Antartica 15 Alph
4%
Antartica 10 Aiken
0%
No matching quizzes found
Score Distribution
Percent of People with Each Score
Percentile by Number Answered
Your Score History
You have not taken this quiz since the last reset